Nature-based Tourism in Peripheral Areas / (Record no. 1011)
[ view plain ]
| 000 -LEADER | |
|---|---|
| Fixed length control field | 00516nam a2200181 4500 |
| 003 - CONTROL NUMBER IDENTIFIER | |
| Control field | SEACOMMC |
| 005 - DATE AND TIME OF LATEST TRANSACTION | |
| Control field | 20250430151223.0 |
| 008 - FIXED-LENGTH DATA ELEMENTS--GENERAL INFORMATION | |
| Fixed length control field | 250116b |||||||| |||| 00| 0 eng d |
| 020 ## - INTERNATIONAL STANDARD BOOK NUMBER / ISBN | |
| International Standard Book Number | 1-845-4100-09 |
| Price | Rs.395.00 |
| 040 ## - CATALOGING SOURCE | |
| Original cataloging agency | SEACOMMC |
| 082 ## - DEWEY DECIMAL CLASSIFICATION NUMBER | |
| Classification number | 338.47 |
| Book Number | H 174 |
| 100 ## - MAIN ENTRY--PERSONAL NAME | |
| Personal name | Hall, C. Michael |
| 245 1# - TITLE STATEMENT | |
| Title | Nature-based Tourism in Peripheral Areas / |
| Statement of responsibility | edited by C. Michael Hall and Stephen Boyd. |
| 260 ## - IMPRINT | |
| Place of publication | Kolkata |
| Name of publisher | Viva-Books |
| Date of publication | 2006 |
| 440 ## - SERIES STATEMENT | |
| Series Title | Aspect Tourism,21 |
| 650 ## - SUBJECT ADDED ENTRY--TOPICAL TERM | |
| Topical term | Ecotourism |
| 942 ## - ADDED ENTRY ELEMENTS (KOHA) | |
| Koha item type | Books |
| Withdrawn status | Lost status | Source of classification | Damaged status | Not for loan | Home library | Current library | Shelving location | Date acquired | Total Checkouts | Call number | Accession number | Date last seen | Price effective from | Koha item type | Copy number |
|---|---|---|---|---|---|---|---|---|---|---|---|---|---|---|---|
| Dewey Decimal Classification | SEACOM MANAGEMENT COLLEGE | SEACOM MANAGEMENT COLLEGE | Reference | 02/01/2008 | 910.21 H 174 | M-1681 | 16/01/2025 | 16/01/2025 | Books | ||||||
| Dewey Decimal Classification | SEACOM MANAGEMENT COLLEGE | SEACOM MANAGEMENT COLLEGE | 02/01/2008 | 910.21 H 174 | M-1682 | 16/01/2025 | 16/01/2025 | Books | 1 | ||||||
| Dewey Decimal Classification | SEACOM MANAGEMENT COLLEGE | SEACOM MANAGEMENT COLLEGE | 02/01/2008 | 910.21 H 174 | M-1683 | 16/01/2025 | 16/01/2025 | Books | 2 |
